| 000 | 00940nam a22001697a 4500 | ||
|---|---|---|---|
| 999 |
_c61978 _d61978 |
||
| 003 | Ge_BSU | ||
| 005 | 20240618154738.0 | ||
| 008 | 240618s1973 ge ||||| |||| 00| 0 geo d | ||
| 041 | _ageo | ||
| 080 | _a61(479.22)(063) ს-32 | ||
| 245 |
_aსაქართველოს სსრ ახალგაზრდა მედიკოსთა კონფერენცია = Конференция молодых медиков Грузинской ССР : _bმიძღვნილი სსრ კავშირის დაარსების 50 წლისთავისადმი 21-23 მარტი/ _cრედაქტორი ვ. ოკუჯავა. |
||
| 264 |
_aთბილისი, _c1974. |
||
| 300 |
_a205 გვ.; _b22 სმ. |
||
| 653 | _aსამედიცინო კონფერენცია | ||
| 700 |
_aოკუჯავა, ვ. _eრედაქტორი _922448 |
||
| 942 |
_2udc _cBK |
||